The girl's book of glamour : (Record no. 110269)
[ view plain ]
| 000 -LEADER | |
|---|---|
| fixed length control field | 00612nam a2200157 a 4500 |
| 005 - DATE AND TIME OF LATEST TRANSACTION | |
| control field | 20140414131852.0 |
| 008 - FIXED-LENGTH DATA ELEMENTS--GENERAL INFORMATION | |
| fixed length control field | 100806s19uu xx 00 eng d |
| 050 ## - LIBRARY OF CONGRESS CALL NUMBER | |
| Classification number | M 646.7 |
| Item number | J38 2008 |
| 100 ## - MAIN ENTRY--PERSONAL NAME | |
| Personal name | Jeffrie,Sally |
| 245 ## - TITLE STATEMENT | |
| Title | The girl's book of glamour : |
| Remainder of title | a guide to being a goddess / |
| Statement of responsibility, etc | written by Sally Jeffrie ; illustrated by Nellie Ryan; edited by Liz Scoggins; designed by Zoe Quayle. |
| 250 ## - EDITION STATEMENT | |
| Edition statement | 1st American ed. |
| 260 ## - PUBLICATION, DISTRIBUTION, ETC. (IMPRINT) | |
| Place of publication, distribution, etc | New York : |
| Name of publisher, distributor, etc | Scholastic, |
| Date of publication, distribution, etc | 2008. |
| 650 ## - SUBJECT ADDED ENTRY--TOPICAL TERM | |
| Topical term or geographic name as entry element | Preteens |
| General subdivision | Life skills guides |
| -- | Juvenile literature |
| 650 ## - SUBJECT ADDED ENTRY--TOPICAL TERM | |
| Topical term or geographic name as entry element | Girls |
| General subdivision | Life skills guide |
| -- | Juvenile literature |
| Withdrawn status | Lost status | Damaged status | Home library | Current library | Shelving location | Date acquired | Total Checkouts | Full call number | Barcode | Date last seen | Price effective from | Koha item type |
|---|---|---|---|---|---|---|---|---|---|---|---|---|
| Munich Library | Munich Library | Main Section | 08/06/2010 | M 646.7 J38 2008 | M0610 | 04/14/2014 | 04/14/2014 | Books |